Mafuta / (Record no. 17004)

000 -LEADER
fixed length control field nam a22 7a 4500
003 - CONTROL NUMBER IDENTIFIER
control field OSt
005 - DATE AND TIME OF LATEST TRANSACTION
control field 20190403020053.0
008 - FIXED-LENGTH DATA ELEMENTS--GENERAL INFORMATION
fixed length control field 161118b xxu||||| |||| 00| 0 eng d
020 ## - INTERNATIONAL STANDARD BOOK NUMBER
International Standard Book Number 9789966462138
040 ## - CATALOGING SOURCE
Original cataloging agency MU
041 ## - LANGUAGE CODE
Language code of text/sound track or separate title Swahili
050 ## - LIBRARY OF CONGRESS CALL NUMBER
Classification number PL 8704
Item number .M3M53
100 ## - MAIN ENTRY--PERSONAL NAME
Personal name Mkangi, Katama
245 ## - TITLE STATEMENT
Title Mafuta /
Statement of responsibility, etc. Katama G.C. Mkangi
260 ## - PUBLICATION, DISTRIBUTION, ETC. (IMPRINT)
Place of publication, distribution, etc. Nairobi :
Name of publisher, distributor, etc. EAEP,
Date of publication, distribution, etc. 2010
300 ## - PHYSICAL DESCRIPTION
Extent 92 p.
440 ## - SERIES STATEMENT/ADDED ENTRY--TITLE
Title Waandishi wa Kiafrika
650 ## - SUBJECT ADDED ENTRY--TOPICAL TERM
Topical term or geographic name as entry element Kiswahili
General subdivision Hadithi
942 ## - ADDED ENTRY ELEMENTS (KOHA)
Source of classification or shelving scheme
Koha item type Africana (Books)
Classification part PL 8704 .M3M53
Koha issues (borrowed), all copies 5
Holdings
Withdrawn status Lost status Source of classification or shelving scheme Damaged status Not for loan Home library Current library Shelving location Date acquired Source of acquisition Total Checkouts Full call number Barcode Date last seen Date last checked out Price effective from Koha item type
          MACHAKOS UNIVERSITY LIBRARY MACHAKOS UNIVERSITY LIBRARY Africana 18/11/2016 Donation (Dr. Makoti) 5 AFR PL 8704 .M3M53 2010 28113 04/06/2019 02/04/2019 18/11/2016 Africana (Books)
© Machakos University Library, Along The Highway, Machakos Wote Rd, Machakos, Kenya P.O. Box 136 - 90100 Machakos - Kenya

Tel: ( +254 ) 723 805829 OR Fax : 044-20353 OR Email: library@mksu.ac.ke